000 00557nmm a22001817a 4500
003 OSt
005 20240521111116.0
006 eBook
008 240521b |||||||| |||| 00| 0 eng d
040 _cMRSPTU
100 _aGoleniewski, Lillian
245 _aTelecommunications Essentials
250 _a2nd
260 _aNew Delhi
_bPearson
_c2006
600 _2Computer Science
856 _3Click here to access the e-book
_uhttps://ebookcentral.proquest.com/lib/gzsptuc/detail.action?docID=5126129&query=Telecommunications+Essentials
942 _2ddc
_cEB
_n1
999 _c10340
_d10340